000 00495nam a2200181Ia 4500
005 20250326125548.0
008 250326s9999 xx 000 0 und d
037 _aTextbook
040 _aFMSL
_beng
_cFMSL
041 _aeng
_2eng
084 _aX:446.56 L0
_qFMSL
100 _aNEDO
_9738987
245 0 _aFreight forwarder
_cNEDO
260 _aLondon
_bLondon, Her Majesty's Stationery Office
_c1970
300 _a43p
942 _cTB
_hX:446.56 L0
999 _c1278590
_d1278590